[Event "Lisbon Masters-B"]
[Site "Lisbon"]
[Date "1996.??.??"]
[Round "3"]
[White "Amaral, Nuno"]
[Black "Alexandre, Jorge"]
[Result "0-1"]
[WhiteElo "2195"]
[BlackElo "2280"]
[PlyCount "78"]
[EventDate "1996.??.??"]
[EventType "tourn"]
[EventRounds "9"]
[EventCountry "POR"]
[SourceTitle "CBM 051 Extra"]
[Source "ChessBase"]
[SourceDate "1996.05.01"]
[SourceVersion "1"]
[SourceVersionDate "1996.05.01"]
[SourceQuality "1"]

1. d4 d5 2. c4 dxc4 3. Nf3 Nf6 4. Nc3 a6 5. a4 Nc6 6. e4 Bg4 7. Be3 Bxf3 8. gxf3 e5 9. d5 Na5 10. Qc2 Bb4 11. Be2 Qe7 12. 0-0 0-0 13. Rad1 Bd6 14. Kh1 Kh8 15. Bd2 Rad8 16. Na2 Nb3 17. Qxc4 Nxd2 18. Rxd2 Nh5 19. Nc1 f5 20. Nd3 Rf6 21. Rg1 Rdf8 22. Rg2 a5 23. Rd1 f4 24. Rdg1 b6 25. Qc3 Re8 26. Nc1 h6 27. Bb5 Ref8 28. Nd3 g5 29. Qc6 R6f7 30. b4 axb4 31. Nxb4 Bxb4 32. Qxh6+ Rh7 33. Qg6 Rg8 34. Qf5 Qf6 35. Rxg5 Rxg5 36. Qc8+ Bf8 37. Rxg5 Qxg5 38. Qxf8+ Qg8 39. Qf6+ Nxf6 0-1

[Event "Lisbon Masters-B"]
[Site "Lisbon"]
[Date "1996.??.??"]
[Round "8"]
[White "Amaral, Nuno"]
[Black "Gaspar, Artur Jorge Rocha"]
[Result "1/2-1/2"]
[WhiteElo "2195"]
[BlackElo "2245"]
[PlyCount "82"]
[EventDate "1996.??.??"]
[EventType "tourn"]
[EventRounds "9"]
[EventCountry "POR"]
[SourceTitle "CBM 051 Extra"]
[Source "ChessBase"]
[SourceDate "1996.05.01"]
[SourceVersion "1"]
[SourceVersionDate "1996.05.01"]
[SourceQuality "1"]

1. d4 d5 2. Nf3 Nf6 3. c4 c6 4. g3 Bf5 5. Qb3 Qb6 6. Bg2 e6 7. 0-0 Be7 8. Nc3 h6 9. c5 Qxb3 10. axb3 Nbd7 11. b4 Ne4 12. Nd2 Nxd2 13. Bxd2 Bf6 14. e4 dxe4 15. Be3 0-0 16. b5 cxb5 17. Nxb5 a6 18. Nd6 Rab8 19. b4 Be7 20. Bf4 Bf6 21. Be3 Be7 22. Bf4 Bf6 23. Nxe4 Bxe4 24. Bxe4 e5 25. dxe5 Bxe5 26. Rad1 Nxc5 27. bxc5 Bxf4 28. gxf4 Rfc8 29. Rd7 Rxc5 30. Rfd1 f5 31. Bd5+ Kh7 32. Bxb7 a5 33. Rf7 a4 34. Rdd7 a3 35. Rxg7+ Kh8 36. Rh7+ Kg8 37. Rdg7+ Kf8 38. Rf7+ Kg8 39. Rhg7+ Kh8 40. Rh7+ Kg8 41. Rfg7+ Kf8 1/2-1/2

[Event "Lisbon Masters-B"]
[Site "Lisbon"]
[Date "1996.??.??"]
[Round "7"]
[White "Amaral, Nuno"]
[Black "Reis, Luis Sousa"]
[Result "0-1"]
[WhiteElo "2195"]
[BlackElo "2200"]
[PlyCount "87"]
[EventDate "1996.??.??"]
[EventType "tourn"]
[EventRounds "9"]
[EventCountry "POR"]
[SourceTitle "CBM 051 Extra"]
[Source "ChessBase"]
[SourceDate "1996.05.01"]
[SourceVersion "1"]
[SourceVersionDate "1996.05.01"]
[SourceQuality "1"]

1. d4 g6 2. e4 Bg7 3. Be3 d6 4. f3 c6 5. Bc4 Nf6 6. Bb3 Be6 7. c4 0-0 8. Qd2 a5 9. d5 Bd7 10. Nc3 Na6 11. dxc6 Bxc6 12. Ba4 Nd7 13. Nge2 Ne5 14. b3 Nc5 15. Bxc6 Ned3+ 16. Kf1 bxc6 17. Rd1 Qc8 18. h4 f5 19. Kg1 Qe6 20. h5 Ne5 21. Nd4 Qf7 22. hxg6 hxg6 23. exf5 gxf5 24. Nce2 Ne6 25. Nxe6 Qxe6 26. Nf4 Qf7 27. Qf2 Ng6 28. Qg3 Nxf4 29. Bxf4 e5 30. Qh3 Qg6 31. Bh6 Rf6 32. Be3 c5 33. Qh5 a4 34. Qxg6 Rxg6 35. Rh5 axb3 36. axb3 Ra2 37. Rg5 Rf6 38. f4 e4 39. Rd5 Rb2 40. Rdxf5 Rxf5 41. Rxf5 Rxb3 42. Bd2 e3 43. Be1 Rb1 44. Kf1 0-1

[Event "Lisbon Masters-B"]
[Site "Lisbon"]
[Date "1995.??.??"]
[Round "9"]
[White "Amaral, Nuno"]
[Black "Carneiro, Carlos Alberto Carv"]
[Result "0-1"]
[WhiteElo "2165"]
[BlackElo "2245"]
[PlyCount "64"]
[EventDate "1995.??.??"]
[EventType "tourn"]
[EventRounds "9"]
[EventCountry "POR"]
[SourceTitle "EXT 1997"]
[Source "ChessBase"]
[SourceDate "1996.11.15"]
[SourceVersion "1"]
[SourceVersionDate "1996.11.15"]
[SourceQuality "1"]

1. d4 Nf6 2. Bg5 d5 3. Bxf6 gxf6 4. c4 c6 5. e3 e5 6. Nc3 Be6 7. cxd5 cxd5 8. Bb5+ Nc6 9. Nf3 e4 10. Nh4 h5 11. g3 Rc8 12. Be2 f5 13. Ng2 h4 14. Nxh4 f4 15. Bg4 fxe3 16. fxe3 Qg5 17. Bxe6 Qxe3+ 18. Qe2 Qxe2+ 19. Nxe2 fxe6 20. Ng6 Bb4+ 21. Kf2 Rg8 22. Ngf4 Kd7 23. Rhd1 Ba5 24. h4 Bb6 25. Kg2 Rcf8 26. Kh3 Kd6 27. Rd2 Ne7 28. Rad1 Nf5 29. Ng2 Nxg3 30. Nef4 Nf5 31. h5 Ne3 32. Rg1 Rxf4 0-1

[Event "Lisbon Masters-B"]
[Site "Lisbon"]
[Date "1995.??.??"]
[Round "4"]
[White "Amaral, Nuno"]
[Black "Gaspar, Artur Jorge Rocha"]
[Result "0-1"]
[WhiteElo "2165"]
[BlackElo "2220"]
[PlyCount "70"]
[EventDate "1995.??.??"]
[EventType "tourn"]
[EventRounds "9"]
[EventCountry "POR"]
[SourceTitle "EXT 1997"]
[Source "ChessBase"]
[SourceDate "1996.11.15"]
[SourceVersion "1"]
[SourceVersionDate "1996.11.15"]
[SourceQuality "1"]

1. d4 Nf6 2. Bg5 c5 3. Nc3 Qa5 4. Bxf6 gxf6 5. d5 Bg7 6. Qd2 d6 7. e4 0-0 8. Nge2 f5 9. exf5 Bxf5 10. g4 Bc8 11. h4 Nd7 12. Nf4 Qb4 13. 0-0-0 Qd4 14. Bd3 Ne5 15. Rh3 Ng6 16. Nfe2 Qxg4 17. Rdh1 Qh5 18. Rg3 Qh6 19. f4 Kh8 20. h5 Rg8 21. Qe3 Bd7 22. Rhg1 Qxh5 23. Be4 Qh4 24. Rg5 Bh6 25. Rh1 Bxg5 26. Rxh4 Bxh4 27. Qf3 Bf6 28. Qh5 Rg7 29. Kd1 Nxf4 30. Qh2 Nxe2 31. Nxe2 Rag8 32. Nf4 Be5 33. Qh6 Bxf4 34. Qxf4 Rg4 35. Qf3 Rg1+ 0-1

[Event "Lisbon Masters-B"]
[Site "Lisbon"]
[Date "1995.??.??"]
[Round "3"]
[White "Santos, Marco"]
[Black "Amaral, Nuno"]
[Result "1-0"]
[WhiteElo "2185"]
[BlackElo "2165"]
[PlyCount "65"]
[EventDate "1995.??.??"]
[EventType "tourn"]
[EventRounds "9"]
[EventCountry "POR"]
[SourceTitle "EXT 1997"]
[Source "ChessBase"]
[SourceDate "1996.11.15"]
[SourceVersion "1"]
[SourceVersionDate "1996.11.15"]
[SourceQuality "1"]

1. Nf3 g6 2. e4 c5 3. d4 Bg7 4. c4 cxd4 5. Nxd4 Nc6 6. Nc2 Nf6 7. Nc3 0-0 8. Be2 a6 9. 0-0 d6 10. Be3 Rb8 11. f3 Bd7 12. Qd2 Ne5 13. Na3 Re8 14. Rab1 Bc6 15. b4 b6 16. b5 axb5 17. cxb5 Ba8 18. Rfd1 Ned7 19. Nc4 Qc7 20. a4 Nc5 21. a5 bxa5 22. b6 Qc8 23. Nb5 Nfxe4 24. fxe4 Bxe4 25. Na7 Qe6 26. Rb5 Na4 27. Rc1 d5 28. Nxa5 Nxb6 29. Rc6 Nc4 30. Nxc4 Qxc6 31. Nxc6 Rxb5 32. N4e5 d4 33. Bxb5 1-0

[Event "Lisbon-ch"]
[Site "Lisbon"]
[Date "1994.??.??"]
[Round "3"]
[White "Amaral, Nuno"]
[Black "Pereira, Alvaro"]
[Result "0-1"]
[WhiteElo "2205"]
[BlackElo "2280"]
[PlyCount "104"]
[EventDate "1994.??.??"]
[EventType "tourn"]
[EventRounds "11"]
[EventCountry "POR"]
[SourceTitle "EXT 1998"]
[Source "ChessBase"]
[SourceDate "1997.11.17"]
[SourceVersion "1"]
[SourceVersionDate "1997.11.17"]
[SourceQuality "1"]

1. d4 d6 2. c4 e5 3. d5 f5 4. Nc3 Nf6 5. g3 a5 6. Bg2 Na6 7. Nf3 Nc5 8. 0-0 Be7 9. a3 a4 10. Be3 Nb3 11. Ra2 Ng4 12. Nxa4 Nxe3 13. fxe3 Na5 14. b3 0-0 15. Nb2 b6 16. b4 Nb7 17. Qb3 Qe8 18. Nd1 g5 19. Nc3 g4 20. Nd2 Qh5 21. Nb5 Bd8 22. Raa1 Rf7 23. Rf2 Qh6 24. Nf1 Qf8 25. Nd2 Bg5 26. Qd3 h5 27. h3 Qg7 28. hxg4 e4 29. Qc3 Qxc3 30. Nxc3 Bxe3 31. Nb3 hxg4 32. Kf1 Bxf2 33. Kxf2 Bd7 34. Nd4 Kg7 35. Ncb5 Bxb5 36. Nxb5 Nd8 37. e3 Kg6 38. Rh1 Rh7 39. Rxh7 Kxh7 40. Bf1 Nf7 41. Be2 Ne5 42. Nxc7 Rxa3 43. Nb5 Ra4 44. Nxd6 Rxb4 45. Nxf5 Nxc4 46. Bxg4 Rb5 47. d6 Rd5 48. Ne7 Rd2+ 49. Ke1 Rxd6 50. Bf5+ Kh8 51. Ke2 Rd2+ 52. Ke1 Rd3 0-1

[Event "Honra"]
[Site "Honra"]
[Date "1994.??.??"]
[Round "6"]
[White "Amaral, Nuno"]
[Black "Santos, Jose Alves"]
[Result "0-1"]
[WhiteElo "2200"]
[BlackElo "2060"]
[PlyCount "46"]
[EventDate "1994.??.??"]
[EventType "tourn"]
[EventRounds "9"]
[EventCountry "POR"]
[SourceTitle "EXT 1998"]
[Source "ChessBase"]
[SourceDate "1997.11.17"]
[SourceVersion "1"]
[SourceVersionDate "1997.11.17"]
[SourceQuality "1"]

1. d4 d5 2. c4 e6 3. Nc3 Nf6 4. Bg5 Nbd7 5. e3 c6 6. cxd5 exd5 7. Bd3 Be7 8. Qc2 h6 9. Bf4 Nh5 10. Nxd5 cxd5 11. Bc7 Bb4+ 12. Kf1 Qe7 13. Rc1 0-0 14. Nf3 Bd6 15. Ba5 Ndf6 16. Qe2 Ne4 17. Ne5 g6 18. g4 Nhf6 19. f3 Bxe5 20. dxe5 Qxe5 21. fxe4 dxe4 22. Bc3 exd3 23. Qxd3 Qd5 0-1

[Event "POR-ch"]
[Site "Portugal"]
[Date "1993.??.??"]
[Round "10"]
[White "Amaral, Nuno"]
[Black "Camejo Almeida, Rui"]
[Result "1-0"]
[WhiteElo "2225"]
[BlackElo "2275"]
[PlyCount "80"]
[EventDate "1993.??.??"]
[EventType "tourn"]
[EventRounds "11"]
[EventCountry "POR"]
[EventCategory "2"]
[SourceTitle "TD"]
[Source "ChessBase"]
[SourceDate "1994.03.01"]
[SourceVersion "1"]
[SourceVersionDate "1994.03.01"]
[SourceQuality "1"]

1. d4 d5 2. c4 c6 3. Nf3 Nf6 4. g3 Bf5 5. Nbd2 Na6 6. Qa4 e6 7. a3 Ne4 8. Bg2 Be7 9. 0-0 0-0 10. Ne5 Bf6 11. Ndf3 dxc4 12. Qxc4 Nd6 13. Qa4 Be4 14. Rd1 Qe7 15. b4 h5 16. h4 Nc7 17. Qb3 a5 18. Bd2 a4 19. Qb2 Rfc8 20. Rac1 Na6 21. Bf4 b6 22. Ng5 Bxg2 23. Kxg2 c5 24. b5 Nc7 25. Qb1 Bxg5 26. Bxg5 Qe8 27. dxc5 Ndxb5 28. cxb6 Nd5 29. b7 Rxc1 30. Rxc1 Rb8 31. Rc8 Rxc8 32. bxc8Q Qxc8 33. Qxb5 f6 34. Nc6 fxg5 35. Qxd5 Kh8 36. Ne7 Qe8 37. Qxg5 Kh7 38. f3 Qf7 39. Nc6 Kg8 40. Ne5 Kf8 1-0

[Event "POR-chB"]
[Site "Portugal"]
[Date "1993.??.??"]
[Round "3"]
[White "Amaral, Nuno"]
[Black "Rocha, Sergio MC"]
[Result "1/2-1/2"]
[WhiteElo "2245"]
[BlackElo "2335"]
[PlyCount "152"]
[EventDate "1993.??.??"]
[EventType "tourn"]
[EventRounds "9"]
[EventCountry "POR"]
[EventCategory "2"]
[SourceTitle "TD"]
[Source "ChessBase"]
[SourceDate "1994.03.01"]
[SourceVersion "1"]
[SourceVersionDate "1994.03.01"]
[SourceQuality "1"]

1. d4 Nf6 2. c4 g6 3. Nc3 Bg7 4. e4 d6 5. f3 0-0 6. Be3 e5 7. Nge2 Nc6 8. d5 Ne7 9. Qd2 c5 10. g4 Rb8 11. Ng3 Bxg4 12. fxg4 Nxg4 13. Be2 Nxe3 14. Qxe3 a6 15. a4 f5 16. exf5 Nxf5 17. Nxf5 gxf5 18. Rg1 Kh8 19. 0-0-0 Qf6 20. Kb1 e4 21. Qg5 Rbe8 22. Rdf1 Qxg5 23. Rxg5 f4 24. Bh5 Re7 25. Rg4 Rf5 26. Rh4 e3 27. Ne2 Be5 28. Kc2 Rg5 29. Rg1 Rf5 30. Bf3 b5 31. Rhg4 Rf8 32. axb5 axb5 33. cxb5 Rb7 34. Nc3 c4 35. h4 Ra8 36. Be2 Rf7 37. Rf1 Rb8 38. Rfg1 f3 39. Bxf3 Rxf3 40. Rxc4 Re8 41. Ne4 e2 42. Re1 Re3 43. b6 Rb8 44. Rb4 Kg7 45. Nc3 Bxc3 46. bxc3 Re5 47. c4 Re4 48. Kd3 Rxh4 49. Rxe2 Rh6 50. Re7+ Kf6 51. Rc7 Rh3+ 52. Kc2 Rg8 53. Rb2 Rh2+ 54. Kb3 Rxb2+ 55. Kxb2 h5 56. b7 Rb8 57. Kc3 h4 58. Rd7 h3 59. Rxd6+ Kg5 60. Rb6 h2 61. Rb1 Rxb7 62. Rh1 Rh7 63. c5 Kf6 64. Kc4 Ke5 65. d6 Ke6 66. Kb5 Kd7 67. Kb6 Rh3 68. c6+ Kxd6 69. Rd1+ Ke7 70. c7 Rb3+ 71. Kc6 Rc3+ 72. Kb7 Rb3+ 73. Kc8 Rb2 74. Rf1 Ke8 75. Re1+ Kf7 76. Rh1 Ke8 1/2-1/2

[Event "POR-ch"]
[Site "Portugal"]
[Date "1993.??.??"]
[Round "6"]
[White "Amaral, Nuno"]
[Black "Silva, Fernando"]
[Result "0-1"]
[WhiteElo "2225"]
[BlackElo "2335"]
[PlyCount "48"]
[EventDate "1993.??.??"]
[EventType "tourn"]
[EventRounds "11"]
[EventCountry "POR"]
[EventCategory "2"]
[SourceTitle "TD"]
[Source "ChessBase"]
[SourceDate "1994.03.01"]
[SourceVersion "1"]
[SourceVersionDate "1994.03.01"]
[SourceQuality "1"]

1. d4 g6 2. e4 Bg7 3. c3 d6 4. Bd3 e5 5. Ne2 Nf6 6. 0-0 0-0 7. f4 Re8 8. Nd2 Nc6 9. fxe5 dxe5 10. d5 Ne7 11. Nf3 Nexd5 12. Bc4 Nb6 13. Bxf7+ Kxf7 14. Qb3+ Re6 15. Ng5+ Ke7 16. Be3 Qd6 17. Rad1 Qc6 18. Rxf6 Bxf6 19. Nxh7 Rd6 20. Rxd6 cxd6 21. Nxf6 Kxf6 22. Bg5+ Kg7 23. Bh6+ Kxh6 24. Qf7 Bg4 0-1

[Event "POR-chB"]
[Site "Portugal"]
[Date "1993.??.??"]
[Round "2"]
[White "Ferreira, Antonio"]
[Black "Amaral, Nuno"]
[Result "1-0"]
[WhiteElo "2305"]
[BlackElo "2245"]
[PlyCount "75"]
[EventDate "1993.??.??"]
[EventType "tourn"]
[EventRounds "9"]
[EventCountry "POR"]
[EventCategory "2"]
[SourceTitle "TD"]
[Source "ChessBase"]
[SourceDate "1994.03.01"]
[SourceVersion "1"]
[SourceVersionDate "1994.03.01"]
[SourceQuality "1"]

1. e4 c5 2. Nf3 d6 3. c3 Nc6 4. h3 Nf6 5. Bd3 e6 6. Bc2 Be7 7. 0-0 0-0 8. Re1 Qc7 9. a3 b5 10. d4 Bb7 11. Qe2 a6 12. a4 b4 13. e5 dxe5 14. dxe5 Nd7 15. Bf4 Rfd8 16. Nbd2 Nb6 17. Ne4 Nd5 18. Bg3 bxc3 19. bxc3 Qa5 20. Nfd2 Nxc3 21. Qh5 Nxe4 22. Nxe4 Nd4 23. Nf6+ Bxf6 24. Qxh7+ Kf8 25. exf6 gxf6 26. Bg6 fxg6 27. Bc7 Qc3 28. Qh8+ Kf7 29. Qh7+ Kf8 30. Bxd8 Ne2+ 31. Rxe2 Qxa1+ 32. Kh2 Qd4 33. Qe7+ Kg8 34. Qxe6+ Kg7 35. Qe7+ Kh6 36. Qf8+ Kg5 37. Bxf6+ Kf5 38. g4+ 1-0

[Event "POR-chB"]
[Site "Portugal"]
[Date "1993.??.??"]
[Round "4"]
[White "Leonardo, Joao Paulo L"]
[Black "Amaral, Nuno"]
[Result "1/2-1/2"]
[WhiteElo "2245"]
[BlackElo "2245"]
[PlyCount "74"]
[EventDate "1993.??.??"]
[EventType "tourn"]
[EventRounds "9"]
[EventCountry "POR"]
[EventCategory "2"]
[SourceTitle "TD"]
[Source "ChessBase"]
[SourceDate "1994.03.01"]
[SourceVersion "1"]
[SourceVersionDate "1994.03.01"]
[SourceQuality "1"]

1. e4 c5 2. Nf3 d6 3. c3 Nc6 4. Bb5 Qc7 5. d4 a6 6. Bxc6+ Qxc6 7. Nbd2 Nf6 8. d5 Qc7 9. 0-0 e6 10. c4 b5 11. b3 Be7 12. h3 0-0 13. Qc2 e5 14. Re1 Nh5 15. Nf1 f5 16. exf5 Bxf5 17. Qe2 Nf6 18. Ng3 Bd7 19. Bd2 Qc8 20. Kh2 Qe8 21. Rac1 Nh5 22. b4 Nxg3 23. fxg3 cxb4 24. Bxb4 Rc8 25. cxb5 Bxb5 26. Qe4 Qd7 27. a4 Bxa4 28. Nxe5 dxe5 29. Bxe7 Qxe7 30. Qxa4 Qd6 31. Qa2 Rxc1 32. Rxc1 Rd8 33. Rc6 Qxd5 34. Qxa6 Re8 35. Rd6 Qa8 36. Qc4+ Kh8 37. Rd7 Rd8 1/2-1/2

[Event "POR-ch"]
[Site "Portugal"]
[Date "1993.??.??"]
[Round "4"]
[White "Pinho, Paulo Miguel"]
[Black "Amaral, Nuno"]
[Result "1-0"]
[WhiteElo "2195"]
[BlackElo "2225"]
[PlyCount "55"]
[EventDate "1993.??.??"]
[EventType "tourn"]
[EventRounds "11"]
[EventCountry "POR"]
[EventCategory "2"]
[SourceTitle "TD"]
[Source "ChessBase"]
[SourceDate "1994.03.01"]
[SourceVersion "1"]
[SourceVersionDate "1994.03.01"]
[SourceQuality "1"]

1. d4 d5 2. c4 e6 3. Nc3 c6 4. Nf3 dxc4 5. a4 Bb4 6. e3 b5 7. Bd2 a5 8. axb5 Bxc3 9. Bxc3 cxb5 10. b3 Bb7 11. bxc4 b4 12. Bb2 Nf6 13. Bd3 Nbd7 14. 0-0 Qc7 15. Re1 Ne4 16. Qc2 f5 17. d5 Ndc5 18. Nd4 0-0 19. f3 Nxd3 20. Nxe6 Nxe1 21. Rxe1 Qe7 22. fxe4 fxe4 23. Bxg7 Rf7 24. Ba1 h6 25. Qxe4 Ra6 26. Qg6+ Rg7 27. Bxg7 Rxe6 28. Bf6+ 1-0

[Event "POR-ch"]
[Site "Portugal"]
[Date "1993.??.??"]
[Round "9"]
[White "Ribeiro, Fernando"]
[Black "Amaral, Nuno"]
[Result "1-0"]
[WhiteElo "2185"]
[BlackElo "2225"]
[PlyCount "67"]
[EventDate "1993.??.??"]
[EventType "tourn"]
[EventRounds "11"]
[EventCountry "POR"]
[EventCategory "2"]
[SourceTitle "TD"]
[Source "ChessBase"]
[SourceDate "1994.03.01"]
[SourceVersion "1"]
[SourceVersionDate "1994.03.01"]
[SourceQuality "1"]

1. e4 c5 2. Nf3 d6 3. d4 cxd4 4. Nxd4 Nf6 5. Nc3 g6 6. Be3 Bg7 7. f3 0-0 8. Qd2 Nc6 9. 0-0-0 d5 10. Qe1 e5 11. Nxc6 bxc6 12. exd5 cxd5 13. Bg5 Qb6 14. Bxf6 Qxf6 15. Nxd5 Qg5+ 16. Qe3 Qh5 17. Kb1 Rb8 18. Ne7+ Kh8 19. Nc6 Ra8 20. Bc4 Qh4 21. Nxe5 Rb8 22. Bb3 Qf6 23. Rhe1 Bf5 24. g4 Be6 25. g5 Qf5 26. f4 a5 27. Qe4 Qh3 28. Re3 Qxh2 29. Bxe6 fxe6 30. Rh1 Qd2 31. Nxg6+ Kg8 32. Qxe6+ Rf7 33. Ne5 Qxe3 34. Qxf7+ 1-0

[Event "Lisbon-ch"]
[Site "Lisbon"]
[Date "1992.??.??"]
[Round "1"]
[White "Pereira, Alvaro"]
[Black "Amaral, Nuno"]
[Result "1-0"]
[WhiteElo "2275"]
[BlackElo "2250"]
[PlyCount "66"]
[EventDate "1992.??.??"]
[EventType "tourn"]
[EventRounds "11"]
[EventCountry "POR"]
[EventCategory "1"]
[SourceTitle "EXT 1997"]
[Source "ChessBase"]
[SourceDate "1996.11.15"]
[SourceVersion "1"]
[SourceVersionDate "1996.11.15"]
[SourceQuality "1"]

1. d4 d5 2. c4 e6 3. Nf3 c6 4. Qc2 Nf6 5. g3 dxc4 6. Qxc4 b5 7. Qb3 a6 8. Bg2 Bb7 9. 0-0 c5 10. a4 c4 11. Qc2 Nc6 12. Bg5 Nxd4 13. Nxd4 Bxg2 14. Kxg2 Qxd4 15. Nc3 b4 16. Rfd1 Qc5 17. Bxf6 gxf6 18. Ne4 Qc6 19. f3 Be7 20. Qd2 f5 21. Qd4 Rg8 22. Nf6+ Bxf6 23. Qxf6 Qc7 24. Rac1 Rc8 25. Rd4 Qe7 26. Qe5 f6 27. Qa5 Kf7 28. Rdxc4 Rxc4 29. Rxc4 Kg6 30. Qxb4 Qa7 31. Qc3 Qe7 32. Rc6 Qd8 33. Qc4 Re8 1-0

[Event "Lisbon-ch"]
[Site "Lisbon"]
[Date "1992.??.??"]
[Round "4"]
[White "Santos, Carlos Pereira Dos"]
[Black "Amaral, Nuno"]
[Result "1-0"]
[WhiteElo "2325"]
[BlackElo "2250"]
[PlyCount "51"]
[EventDate "1992.??.??"]
[EventType "tourn"]
[EventRounds "11"]
[EventCountry "POR"]
[EventCategory "1"]
[SourceTitle "EXT 1997"]
[Source "ChessBase"]
[SourceDate "1996.11.15"]
[SourceVersion "1"]
[SourceVersionDate "1996.11.15"]
[SourceQuality "1"]

1. d4 d5 2. c4 e6 3. Nc3 c6 4. Nf3 Nf6 5. e3 Nbd7 6. Qc2 Be7 7. Be2 dxc4 8. a4 c5 9. Bxc4 cxd4 10. exd4 0-0 11. 0-0 Nb6 12. Bd3 Nbd5 13. Nxd5 Qxd5 14. Re1 Bd7 15. Re5 Qc6 16. Qe2 Rac8 17. Bf4 Bd6 18. Bg5 Bxe5 19. Nxe5 Qd5 20. Bxf6 gxf6 21. Qh5 f5 22. Qg5+ Kh8 23. Qf6+ Kg8 24. Ra3 Qxd4 25. Bf1 f4 26. Rd3 1-0